Biggest cities with 4 letters - Statistics

General Stats
  • This quiz has been taken 211 times
    152 since last reset
  • The average score is 6 of 15
Answer Stats
Population Answer % Correct
4.336.000 Rome
85%
9.886.000 Lima
81%
7.812.000 Xi’an
62%
2.935.000 Kiev
60%
1.832.000 Lomé
46%
3.402.000 Pune
45%
3.626.000 Kano
43%
2.142.000 Lyon
39%
2.122.000 Baku
37%
1.586.000 Agra
25%
2.401.000 Cali
25%
4.620.000 Wuxi
17%
1.765.000 Aden
12%
3.628.000 Giza
12%
1.578.000 Leon
11%
No matching quizzes found
Score Distribution
Percent of People with Each Score
Percentile by Number Answered
Your Score History
You have not taken this quiz since the last reset